00266nam a2200109Ia 4500100003700000654001300037245003600050260002800086082002100114300000900135546001200144 aAllen/ Christopher/ Chow/Vivian  acomputer aOracle Certified Professional bTata Mc Graw hillc2000 a005.133'O'bALL/ a1168 aENGLISH